Vista normal
Vista MARC
Entrada Personal Name
Número de registros utilizados en: 1
001 - CONTROL NUMBER
- control field: 17007
003 - CONTROL NUMBER IDENTIFIER
- control field: DLC
005 - DATE AND TIME OF LATEST TRANSACTION
- control field: 20250429130450.0
008 - FIXED-LENGTH DATA ELEMENTS
- fixed length control field: 940718n| azannaabn |n aaa
010 ## - LIBRARY OF CONGRESS CONTROL NUMBER
- LC control number: n 94068202
024 7# - OTHER STANDARD IDENTIFIER
- Standard number or code: 56685958
- Source of number or code: viaf
035 ## - SYSTEM CONTROL NUMBER
- System control number: (OCoLC)oca03644642
040 ## - CATALOGING SOURCE
- Original cataloging agency: DLC
- Language of cataloging: spa
- Description conventions: rda
- Transcribing agency: Mx-PuUPA
- Modifying agency: DLC
- Modifying agency: OCoLC
- Modifying agency: Uk
- Modifying agency: CSt
- Modifying agency: CtY
- Modifying agency: Mx-PuUPA
046 ## - SPECIAL CODED DATES
- Birth date: 19711014
- Source of date scheme: edtf
053 #0 - LC CLASSIFICATION NUMBER
- Classification number element--single number or beginning number of span: PQ2662.A842
100 1# - HEADING--PERSONAL NAME
- Personal name: Bataille, Christophe,
- Dates associated with a name: 1971-
370 ## - ASSOCIATED PLACE
- Place of birth: Versailles (Francia)
- Associated country: France
- Source of term: naf
373 ## - ASSOCIATED GROUP
- Associated group: Bernard Grasset (Firm)
- Source of term: naf
374 ## - OCCUPATION
- Occupation: Autor
- Source of term: lcsh
375 ## - GENDER
- Gender: hombre
377 ## - ASSOCIATED LANGUAGE
- Language code: fre
670 ## - SOURCE DATA FOUND
- Source citation: Annam, c1993:
- Information found: t.p. (Christophe Bataille) p. 4 cover (21 yrs. old)
670 ## - SOURCE DATA FOUND
- Source citation: Le rêve de Machiavel, c2008:
- Information found: t.p. (Christophe Bataille) back cover (b. 1971)
670 ## - SOURCE DATA FOUND
- Source citation: BNF via VIAF, viewed 6 April 2021
- Information found: (Bataille, Christophe (1971-....); born 1971-10-14, Versailles; manager; literary advisor at the Éditions Grasset (in 1999))
670 ## - SOURCE DATA FOUND
- Source citation: French Wikipedia, viewed 6 April 2021
- Information found: (Christophe Bataille, born 14 Ocotber 1971 in Versailles; French writer)
- Uniform Resource Identifier: https://fr.wikipedia.org/wiki/Christophe_Bataille